Centroamérica: crisis política, militarización y deuda /
Enregistré dans:
| Auteur principal: | |
|---|---|
| Format: | Texte |
| Sujets: | |
| Tags: |
Ajouter un tag
Pas de tags, Soyez le premier à ajouter un tag!
|
MARC
| LEADER | 00000 a a2200000 04500 | ||
|---|---|---|---|
| 001 | 12131 | ||
| 003 | |||
| 040 | |||
| 100 | |a Sebastián, Luis de | ||
| 245 | |a Centroamérica: |b crisis política, militarización y deuda / |c Luis de Sebastián | ||
| 650 | |a DEUDA EXTERNA | ||
| 650 | |a MILITARISMO | ||
| 650 | |a CRISIS POLITICA | ||
| 650 | |a GUERRA | ||
| 650 | |a PROBLEMAS POLITICOS | ||
| 650 | |a DEUDA EXTERNA | ||
| 650 | |a INTERES | ||
| 650 | |a EXPORTACIONES | ||
| 773 | |g número 25; páginas 29-33 | ||
| 999 | |c 20507 |d 20507 | ||
